Matematyka #1 (Szybkie obliczenia) - Statystyki

Ogólne statystyki
  • Ten quiz został rozwiązany 132 razy
  • Średni wynik to 9 z 10
Statystyki odpowiedzi
Działanie Wynik % Poprawnych
54 - 46 8
98%
24 + 77 101
97%
9 * 12 108
97%
6 * 25 150
93%
34 + 207 241
92%
98 - 23 75
92%
(56 - 43) * 2 26
91%
1000 : 25 40
90%
(87 - 13) * 2 148
88%
93 : 6 13
44%
Nie znaleziono quizów pasujących do podanych kryteriów
Rozkład punktacji
Procent ludzi z każdym wynikiem
Percentyl według liczby udzielonych odpowiedzi
Twoja historia wyników
Nie rozwiązałeś tego quizu